| 000 | 00456cam a2200169ua 4500 | ||
|---|---|---|---|
| 020 | _a0 07 Y66315 7 | ||
| 041 |
_aeng _h |
||
| 082 |
_a697.93 _bHAR/MO |
||
| 100 | _aHarris, Norman C . | ||
| 245 |
_aModern air-conditioning practice / _cNorman C Harris. _hTextual Documents |
||
| 250 |
_a1 / _b. |
||
| 260 |
_aSingapore : _bMcGraw-Hill International Book Company , _c1985. |
||
| 300 | _a433 ; . | ||
| 504 | _a | ||
| 942 | _cBK | ||
| 999 |
_c10413 _d10413 |
||